Bossa de sabates amb la inscripció : 'En esport, fem un bon equip' 'En esport, fem un bon equip'
Descripción Física:
20 x 20 cm plegat
MARC
| LEADER | 00000nrm a2200000Ia 4500 | ||
|---|---|---|---|
| 001 | 19956 | ||
| 008 | 160829s2007? xx 000 0 cat d | ||
| 080 | |a NBM-1-7 | ||
| 245 | |a Bossa de sabates amb la inscripció : |b 'En esport, fem un bon equip' |h [Bossa] | ||
| 260 | |a Barcelona : |b Diputació de Barcelona. [Àrea d'Esports], |c 2007? | ||
| 300 | |a 20 x 20 cm plegat | ||
| 650 | 0 | |9 54098 |a Objectes publicitaris | |
| 655 | 0 | |a Bosses |9 54970 | |
| 710 | |a Barcelona (Catalunya : Província). |b Àrea d'Esports |9 53827 | ||
| 901 | |a Arxiu | ||
| 942 | |n 1 |2 udc | ||
| 952 | |0 0 |1 0 |4 0 |6 NBM17 |7 1 |9 47579 |a Arxiu |b Arxiu |d 2016-12-01 |l 0 |o NBM-1-7 |p 19956 |r 2016-12-01 00:00:00 |w 2016-12-01 |y ARXIU | ||
| 999 | |c 51378 |d 51378 | ||